000 00414nam a2200169Ia 4500
008 230524s9999 xx 000 0 und d
020 _a9788122437850
082 _a621.31912
_bPAD
100 _aK.R.Padiyar
245 0 _aHVDC Power Transmission Systems
250 _a3
260 _aNew Delhi
_bNew Age
_c2017
300 _a"xx,410p;"
500 _aQuantity Number: 15
650 _aElectrical
942 _cBK
999 _c59433
_d59433